| 000 | 00698 a2200241 4500 | ||
|---|---|---|---|
| 001 | 73448 | ||
| 999 |
_c73448 _d41681 |
||
| 003 | TR-AnTOB | ||
| 005 | 20200427160154.0 | ||
| 008 | 161106s1998 tu 000 0 d | ||
| 040 | _aTr-AnTOB | ||
| 041 | _atur | ||
| 050 | 4 |
_aHC492 _b.K86 1998 |
|
| 090 | _aHC492 .K86 1998 | ||
| 245 | 0 | 0 |
_aKüresel yarışta Türkiye : _bUluslararası göstergelerden seçmeler. |
| 264 | 1 |
_aAnkara : _bTürkiye İşveren Sendikaları Konfederasyonu, _c1998. |
|
| 300 |
_a23 s. : _btabl., _c28 cm. |
||
| 650 |
_aInternational economic relations _917913 |
||
| 710 | 2 |
_aTürkiye İşveren Sendikaları Konfederasyonu _919124 |
|
| 902 | _a0027702 | ||
| 903 | _aMerkez Kutuphane | ||
| 945 | _aSC | ||
| 942 | _cBK | ||